1564 1860 1786 1726 1113 1497 1267 1390 1720 1813 1853 1990 1655 1502 1792 1810 1878 1811 1825 1074 1934 1164 1065 1375 1172 1751 1798 1110 1137 1201 1404 1284 1680 1947 1632 1443 1593 1765 1162 1444 1328 1358 1935 1580 1080 1000 1792 1768 1379 1977 1735 1576 1026 1987 1481 1522 1624 1936 1349 1631 1296 1915 1917 1560 1396 1307 1955 1459 1224 1169 1875 1514 1572 1058 1964 1351 1321 1347 1948 1533 1443 1474 1723 1379 1377 1652 1240 1750 1616 1734 1498 1840 1350 1056 1094 1640 1430 1936 1045 BCNSPRNW ULIB Ver.6.0+V

เปลี่ยนเป็นภาษาไทย

Change to English
 แสดงรายละเอียดบรรณานุกรม
  กลับหน้าหลัก

Brief Record : Get Marc (ISO 2709) : E-mail record : QR code < ปิดหน้าต่าง
LEADER : 00000nam 2200000uu 4500
001    13399113625
003     ULIB
008    111207s2549||||th 000 0 tha d
020    ^a9749348281
090    ^aรส.^bส644อ
100 0  ^aสานุพันธ์ ตันติศิริวัฒน์
245 10 ^aอัจฉริยะบนทางสีขาว :^bดร. อาจอง ชุมสาย ณ อยุธยา /^cสานุพันธ์ ตันติศิริวัฒน์
250    ^aพิมพ์ครั้งที่ 5
260    ^aกรุงเทพฯ :^bฟรีมายด์,^c2549
300    ^a215 หน้า :^bภาพประกอบ ;^c21 ซม.
600 07 ^aอาจอง ชุมสาย ณ อยุธยา,^d2483-
650  7 ^aชีวประวัติ
650  7 ^aนักวิทยาศาสตร์
650  7 ^aนักวิทยาศาสตร์^xชีวประวัติ
650  7 ^aนักวิทยาศาสตร์^zไทย^vชีวประวัติ
945    ^p195^l0^i24858
995    ^aทศพร
999 ^a ทศพร
รายการนี้ยังไม่มีแท็ก
คุณยังไม่ได้ล็อกอิน คุณสามารถมีกิจกรรมร่วมกับเว็บไซต์ได้ แต่ต้องล็อกอินก่อน ::
  ล็อกอิน

รายการสื่อสารสนเทศ

ลำดับที่ ประเภท เลขเรียก/บาร์โค้ด สถานที่ สถานะ
1. นวนิยาย
นวนิยาย
รส. ส644อ ฉ.1 
  Barcode: 24858
ห้องสมุดวิทยาเขตสวรรค์ประชารักษ์
►นวนิยาย
บนชั้น
  ขอยืม

รายการใกล้เคียง
    ผู้แต่ง [สานุพันธ์ ตันติศิริวัฒน์]

    หัวเรื่อง [ชีวประวัติ]
    หัวเรื่อง [นักวิทยาศาสตร์]

BibComment


ยังไม่เคยถูกคอมเมนท์

คอมเมนท์ทรัพยากรรายการนี้
  คอมเมนท์: อัจฉริยะบนทางสีข..


 Copyright 2026. Bcnsprnw @Library